By the King. A proclamation for the maintenance and encrease of the mines of saltpeter, and the true making of gunpowder, and reforming abuses concerning the same..

Bibliographic Details
Corporate Author: England and Wales. Sovereign (1625-1649 : Charles I)
Other Authors: Charles I, King of England, 1600-1649
Format: eBook
Language:English
Published: Printed at London : By Bonham Norton, and Iohn Bill, printers to the Kings most excellent Maiestie, M.DC.XXV. [1625]
Series:Early English books online.
Subjects:
Online Access:Connect to the full text of this electronic book

MARC

Tag First Indicator Second Indicator Subfields
LEADER 00000nam a2200000 4500
001 in00004197321
005 20200806084246.0
006 m g d
007 cr bn |||a|bb|
008 930709s1625 enk o o00 eng d
035 |a (UnM)99892367 
037 |a CL2105000001  |b ProQuest Information and Learning. 300 N. Zeeb Rd., Ann Arbor, MI 48106 
040 |a Cu-RivES  |c Cu-RivES  |d CStRLIN  |e dcrb 
110 1 |a England and Wales.  |b Sovereign (1625-1649 : Charles I) 
245 1 0 |a By the King. A proclamation for the maintenance and encrease of the mines of saltpeter, and the true making of gunpowder, and reforming abuses concerning the same.. 
246 3 0 |a Proclamation for the maintenance and encrease of the mines of saltpeter 
260 |a Printed at London :  |b By Bonham Norton, and Iohn Bill, printers to the Kings most excellent Maiestie,  |c M.DC.XXV. [1625] 
300 |a 1 online resource (3 sheets. 
336 |a text  |b txt  |2 rdacontent 
337 |a computer  |b c  |2 rdamedia 
338 |a online resource  |b cr  |2 rdacarrier 
500 |a Caption title. 
500 |a Dated at end: White-Hall, the thirteenth day of April, in the first yeere of his Maiesties reigne .. 
500 |a Imprint from colophon. 
500 |a Arms 21; Steele notation: prouident inuiolably 2) Salt- 3) du- exe-. 
500 |a Reproduction of the original in the British Library. 
510 4 |a STC (2nd edition)  |c 8770 
510 4 |a Steele  |c 1418 
510 4 |a Early English books tract supplement interim guide  |c 506.h.11[38] 
533 |a Electronic reproduction.  |b Ann Arbor, Mich. :  |c UMI,  |d 1999-  |f (Early English books online)  |n Digital version of: (Early English books; Tract supplement ; C2:2[38])  |7 s1999 miun s 
650 0 |a Mining law  |z England  |v Early works to 1800. 
650 0 |a Saltpeter industry  |x Law and legislation  |z Great Britain  |v Early works to 1800. 
650 0 |a Gunpowder industry  |x Law and legislation  |z Great Britain  |v Early works to 1800. 
700 0 |a Charles  |b I,  |c King of England,  |d 1600-1649. 
830 0 |a Early English books online. 
856 4 0 |u http://proxy.library.tamu.edu/login?url=https://search.proquest.com/docview/2248559547  |z Connect to the full text of this electronic book  |t 0 
999 f f |s 62ae8e57-93c0-3629-8745-6170b0946062  |i c6b94054-2dbf-3c2e-bb25-7ea48b8753cf  |t 0 
952 f f |a Texas A&M University  |b College Station  |c Electronic Resources  |d Available Online  |t 0  |h No information provided 
998 f f |t 0  |l Available Online